[Event "GER-chT U10"]
[White "Eschweiler, Mattes"]
[Black "Staude, Quentin"]
[Site "Magdeburg"]
[Round "7.3"]
[Result "1-0"]
[Date "2016.12.29"]
[WhiteElo "889"]
[BlackElo "957"]
[PlyCount "71"]
[EventDate "2016.12.27"]
[EventType "team-swiss"]
[EventRounds "7"]
[EventCountry "GER"]
[SourceTitle "EXT 2018"]
[Source "ChessBase"]
[SourceDate "2017.10.13"]
[SourceVersion "1"]
[SourceVersionDate "2017.10.13"]
[SourceQuality "1"]
[WhiteTeam "Niederkassel"]
[BlackTeam "Stadtilm Blau Weiss"]
[WhiteTeamCountry "GER"]
[BlackTeamCountry "GER"]

1. d4 d5 2. Bf4 Bf5 3. e3 a6 4. c4 dxc4 5. Bxc4 Nf6 6. Nf3 e6 7. Nc3 Bd6 8. Bxd6 cxd6 9. 0-0 Qc7 10. Bd3 Nc6 11. Bxf5 exf5 12. Qc2 0-0 13. Rfe1 Rfe8 14. Qd3 Nb4 15. Qxf5 a5 16. a3 Nc6 17. h3 Ne7 18. Qd3 Rac8 19. Rac1 Qb6 20. Re2 Ned5 21. Rec2 Qa6 22. Qd2 Nxc3 23. Rxc3 Rcd8 24. Qc2 Qa8 25. Ng5 h6 26. Nf3 Rc8 27. Rxc8 Qxc8 28. Qxc8 Rxc8 29. Rxc8+ Kh7 30. Ra8 b6 31. Rb8 Nd7 32. Rb7 Nf6 33. Rxb6 d5 34. b4 axb4 35. a4 Nd7 36. Rxb4 1-0

[Event "GER-chT U10"]
[White "Staude, Quentin"]
[Black "Kemper, Matti"]
[Site "Magdeburg"]
[Round "3.3"]
[Result "0-1"]
[Date "2016.12.28"]
[WhiteElo "957"]
[BlackElo "908"]
[PlyCount "46"]
[EventDate "2016.12.27"]
[EventType "team-swiss"]
[EventRounds "7"]
[EventCountry "GER"]
[SourceTitle "EXT 2018"]
[Source "ChessBase"]
[SourceDate "2017.10.13"]
[SourceVersion "1"]
[SourceVersionDate "2017.10.13"]
[SourceQuality "1"]
[WhiteTeam "Stadtilm Blau Weiss"]
[BlackTeam "Halle Roter Turm II"]
[WhiteTeamCountry "GER"]
[BlackTeamCountry "GER"]

1. e4 e5 2. Nf3 Nc6 3. Nc3 Nf6 4. Bc4 Bc5 5. d3 0-0 6. Be3 d6 7. h3 Bd7 8. Qd2 b6 9. Bg5 Be6 10. Bb3 a5 11. a3 Bd4 12. Nxd4 Nxd4 13. Bd5 Bxd5 14. Nxd5 c6 15. Nxf6+ gxf6 16. Bh6 Re8 17. c3 Nb3 18. Qe3 Kh8 19. Rb1 Rg8 20. 0-0 Rg6 21. f4 Rxh6 22. f5 Qf8 23. Qxb6 Nd2 0-1

[Event "GER-chT U10"]
[White "Duong, Nhat Minh"]
[Black "Staude, Quentin"]
[Site "Magdeburg"]
[Round "1.3"]
[Result "1-0"]
[Date "2016.12.27"]
[WhiteElo "847"]
[BlackElo "957"]
[PlyCount "51"]
[EventDate "2016.12.27"]
[EventType "team-swiss"]
[EventRounds "7"]
[EventCountry "GER"]
[SourceTitle "EXT 2018"]
[Source "ChessBase"]
[SourceDate "2017.10.13"]
[SourceVersion "1"]
[SourceVersionDate "2017.10.13"]
[SourceQuality "1"]
[WhiteTeam "Norderstedt Harksheide"]
[BlackTeam "Stadtilm Blau Weiss"]
[WhiteTeamCountry "GER"]
[BlackTeamCountry "GER"]

1. e4 e5 2. Nf3 Nc6 3. Nc3 Bc5 4. Nxe5 Nxe5 5. d4 Bxd4 6. Qxd4 Qf6 7. Nd5 Qd6 8. Bf4 c5 9. Qd2 f6 10. 0-0-0 Ne7 11. Nxe7 Qxe7 12. Bb5 a6 13. Ba4 b5 14. Bxe5 fxe5 15. Qd5 Ra7 16. Bb3 c4 17. Bxc4 bxc4 18. Qxc4 Bb7 19. Qc7 d5 20. Qb8+ Kf7 21. Qxa7 Ra8 22. Qb6 dxe4 23. Rhe1 h6 24. Re3 a5 25. Rc3 Qd8 26. Rxd8 1-0